000 00551nam a2200217Ia 4500
005 20230320111211.0
008 131103s9999 xx 000 0 und d
020 _cRs.10
040 _aLoreto College
041 _aEnglish
082 _a891.441
_bDE
245 _a20th Century Bengali Poetry
_cEdited by Samir De and Abhijit Ghose
260 _aKolkata
_bFirma
_c1973
300 _a95p.
504 _aInclude Index
650 _aEnglish Literature
651 _aEnglish Poetry
700 _aDe, Samir; ed.
850 _aLCLIB
942 _cBK
999 _c20635
_d71114